联合国会费缴纳比例最高的国家 Top contributors to the UN budget - Statistics

General Stats
  • This quiz has been taken 34 times
  • The average score is 11 of 11
Answer Stats
% Correct
1 22.000% 8.18亿 美国
100%
2 20.004% 7.44亿 中国
100%
3 6.930% 2.40亿 日本
100%
4 5.692% 2.1亿 德国
100%
5 3.991% 1.28亿 英国
100%
6 3.858% 1.24亿 法国
100%
7 2.813% 1.04亿 意大利
97%
10 2.094% 7780万 俄罗斯
97%
11 1.106% 4370万 印度
93%
8 2.543% 9540万 加拿大
90%
9 2.349% 8700万 韩国
90%
No matching quizzes found
Score Distribution
Percent of People with Each Score
Percentile by Number Answered
Your Score History
You have not taken this quiz